Slovenská všeobecná úverová banka

Stručný historický pohľad na vznik Slovenskej všeobecnej úverovej banky.

Gespeichert in:
Bibliographische Detailangaben
1. Verfasser: Mazúr, Miloš
Format: Buchkapitel
Sprache:Slowakisch
Schlagworte:
Tags: Tag hinzufügen
Keine Tags, Fügen Sie das erste Tag hinzu!

MARC

LEADER 00000naa$a2200000$$$4500
001 0046173
005 20231116082949.0
041 0 |a slo 
044 |a SK 
245 1 0 |a Slovenská všeobecná úverová banka  |c Miloš Mazúr 
520 |a Stručný historický pohľad na vznik Slovenskej všeobecnej úverovej banky. 
610 2 0 |a banky 
610 2 0 |a história 
610 2 0 |a Slovenská všeobecná úverová banka 
610 2 0 |a Slovensko 
610 2 0 |a kapitál bankový 
100 1 |a Mazúr, Miloš